Շախմատային այբուբեն : (Record no. 151064)
[ view plain ]
| 000 -LEADER | |
|---|---|
| fixed length control field | 01039nam a2200253 u 4500 |
| 001 - CONTROL NUMBER | |
| control field | 000398783 |
| 003 - CONTROL NUMBER IDENTIFIER | |
| control field | AM-YeHGA |
| 005 - DATE AND TIME OF LATEST TRANSACTION | |
| control field | 20250618072351.0 |
| 008 - FIXED-LENGTH DATA ELEMENTS--GENERAL INFORMATION | |
| fixed length control field | 041221s1989 ai r 000 0 arm d |
| 020 ## - INTERNATIONAL STANDARD BOOK NUMBER | |
| International Standard Book Number | 5807701143 |
| 040 ## - CATALOGING SOURCE | |
| Original cataloging agency | AM-YeHGA |
| 041 1# - LANGUAGE CODE | |
| Language code of text/sound track or separate title | arm |
| Language code of original | rus |
| 090 ## - LOCALLY ASSIGNED LC-TYPE CALL NUMBER (OCLC); LOCAL CALL NUMBER (RLIN) | |
| -- | 152457 |
| 100 1# - MAIN ENTRY--PERSONAL NAME | |
| Personal name | Գրիշին, Վլադիմիր Գրիգորևիչ |
| 245 10 - TITLE STATEMENT | |
| Title | Շախմատային այբուբեն : |
| Remainder of title | Դպր. կրտսեր տարիքի համար / |
| Statement of responsibility, etc. | Վ.Գ. Գրիշին, Ե.Ի. Իլյին; Թարգմ.՝ Գ. Իսրայելյան; Նկ.՝ Վ. Քոչար. |
| 246 37 - VARYING FORM OF TITLE | |
| Title proper/short title | Շախմատային այբուբեն կամ առաջին քայլերը խաղատախտակի վրա |
| 260 ## - PUBLICATION, DISTRIBUTION, ETC. | |
| Place of publication, distribution, etc. | Երևան : |
| Name of publisher, distributor, etc. | Արևիկ, |
| Date of publication, distribution, etc. | 1989. |
| 300 ## - PHYSICAL DESCRIPTION | |
| Extent | 80 էջ : |
| Other physical details | նկ. ; |
| Dimensions | 26 սմ. |
| 440 #0 - SERIES STATEMENT/ADDED ENTRY--TITLE | |
| Title | Գիտունիկ |
| 500 ## - GENERAL NOTE | |
| General note | Հավելված, էջ՝ 79 |
| 650 14 - SUBJECT ADDED ENTRY--TOPICAL TERM | |
| Topical term or geographic name entry element | Շախմատ |
| 700 1# - ADDED ENTRY--PERSONAL NAME | |
| Personal name | Իսրայելյան, Գարիկ Գուրգենի, |
| Dates associated with a name | 1948- |
| Relator term | թարգմ. |
| Relationship | trl |
| 9 (RLIN) | 3579 |
| 700 1# - ADDED ENTRY--PERSONAL NAME | |
| Personal name | Քոչար, Վահան, |
| Dates associated with a name | 1949- |
| Relator term | նկ. |
| Relationship | art |
| 9 (RLIN) | 3694 |
| Withdrawn status | Lost status | Damaged status | Not for loan | Collection | Home library | Current library | Date acquired | Total checkouts | Full call number | Barcode | Date last seen | Price effective from | Koha item type | Public note |
|---|---|---|---|---|---|---|---|---|---|---|---|---|---|---|
| General | Fundamental Scientific Library | Fundamental Scientific Library | 28/12/2016 | AIII/6208 | FL0075599 | 28/12/2016 | 28/12/2016 | Գրքեր / Books | 30 Days Loan |
ՀՀ Գիտությունների ազգային ակադեմիայի հիմնարար գիտական գրադարան = Fundamental Scientific Library of NAS RA
All site content, except where otherwise noted, is licensed under a